Noah's General Knowledge - Statistics

General Stats
  • This quiz has been taken 490 times
  • The average score is 9 of 14
Answer Stats
Hint Answer % Correct
Kiwi birds are native to which island nation? New Zealand
97%
What Communist Country is in the Americas? Cuba
91%
What country was formerly known as Burma? (1989) Myanmar
87%
What is the 6th planet from the sun? Saturn
84%
What is a group of crows called? Murder
83%
What country was formerly know as Swaziland? (2018) Eswatini
79%
What is the most recent country to gain independence? (2008) South Sudan
79%
What large Native group was found by the Spanish in common day Peru? Inca
78%
What element makes up most of the human body? Oxygen
68%
What modern country historically survived the conquest of the Mongols due to water related disasters? Japan
62%
What dynasty ruled over much of the HRE and controlled Austria and other related countries throughout much of the 2nd millennium? Habsburg
59%
What is the world's second largest island? New Guinea
36%
Who was the world's richest man (historically)? Mansa Musa
35%
What is a group of giraffes called? Tower
10%
No matching quizzes found
Score Distribution
Percent of People with Each Score
Percentile by Number Answered
Your Score History
You have not taken this quiz